[Event "CRO-chT3 Center-A"]
[Site "Zagreb"]
[Date "2011.10.16"]
[Round "9.53"]
[White "Fabris, Zeljko"]
[Black "Frank, Vladimir"]
[Result "0-1"]
[WhiteElo "1992"]
[BlackElo "2110"]
[PlyCount "138"]
[EventDate "2011.03.13"]
[EventType "team-tourn"]
[EventRounds "11"]
[EventCountry "CRO"]
[SourceTitle "EXT 2014"]
[Source "ChessBase"]
[SourceDate "2013.11.20"]
[SourceVersion "1"]
[SourceVersionDate "2013.11.20"]
[SourceQuality "1"]

1. d4 Nf6 2. c4 e6 3. Nc3 Bb4 4. Bg5 c5 5. Bxf6 Qxf6 6. Nf3 Nc6 7. e3 0-0 8. Bd3 g6 9. Be2 d6 10. 0-0 Bxc3 11. bxc3 e5 12. d5 Ne7 13. e4 Qg7 14. Ne1 f5 15. Bf3 fxe4 16. Bxe4 Bf5 17. f3 g5 18. g3 Rf6 19. Ng2 Raf8 20. Ne3 Bh3 21. Re1 Bc8 22. Rf1 h5 23. Qe2 g4 24. fxg4 hxg4 25. Rxf6 Rxf6 26. Rf1 Rxf1+ 27. Qxf1 Qg5 28. Qf2 Kg7 29. Qd2 Kf7 30. Qf2+ Qf6 31. Qe2 Qg5 32. Qf2+ Ke8 33. Kg2 Bd7 34. Bc2 Qh6 35. Bf5 Nxf5 36. Nxf5 Qg6 37. Ne3 Qe4+ 38. Kg1 b5 39. Kf1 bxc4 40. Qe2 Qh1+ 41. Kf2 Qxh2+ 42. Ng2 Qh7 43. Qxc4 Qf5+ 44. Kg1 Qf3 45. Kh2 Bf5 46. Qb5+ Ke7 47. Qb7+ Bd7 48. Nh4 Qe2+ 49. Kg1 Qb5 50. Qxa7 Qb1+ 51. Kh2 Qc2+ 52. Ng2 Qxc3 53. a4 Qc4 54. Ne3 Qe2+ 55. Ng2 Qa2 56. Qa8 Qxa4 57. Qg8 Qc2 58. Kg1 Qd1+ 59. Kh2 Qf3 60. Nh4 Qf2+ 61. Kh1 Qxg3 62. Qg5+ Ke8 63. Ng6 Qf3+ 64. Kg1 Qf7 65. Qh6 Kd8 66. Nh8 Qxd5 67. Qf8+ Be8 68. Qf6+ Kc8 69. Ng6 Qd1+ 0-1

[Event "CRO-chT3A Center"]
[Site "Zagreb"]
[Date "2010.11.14"]
[Round "11.15"]
[White "Fabris, Zeljko"]
[Black "Dejanovic, Mladen"]
[Result "1/2-1/2"]
[WhiteElo "2063"]
[BlackElo "2065"]
[PlyCount "72"]
[EventDate "2010.03.21"]
[EventType "team-tourn"]
[EventRounds "11"]
[EventCountry "CRO"]
[SourceTitle "EXT 2012"]
[Source "ChessBase"]
[SourceDate "2011.11.24"]
[SourceVersion "1"]
[SourceVersionDate "2011.11.24"]
[SourceQuality "1"]

1. Nf3 d5 2. d3 Nf6 3. c3 e6 4. Nbd2 c5 5. e4 Nc6 6. Be2 Be7 7. 0-0 0-0 8. Re1 Qc7 9. Bf1 b6 10. a3 a5 11. a4 Ba6 12. Qc2 Rac8 13. g3 Rfd8 14. exd5 Rxd5 15. Nc4 Ng4 16. Bf4 e5 17. Nfxe5 Ncxe5 18. Nxe5 Nxe5 19. Rxe5 Rxe5 20. Bxe5 Qxe5 21. d4 cxd4 22. Bxa6 Rc7 23. cxd4 Rxc2 24. dxe5 Rxb2 25. Re1 Bc5 26. Re2 Rxe2 27. Bxe2 Bd4 28. Kg2 Bxe5 29. g4 h6 30. h3 Kf8 31. f3 Ke7 32. Bb5 Kf6 33. Bc6 Kg5 34. Bb5 f5 35. Bd7 fxg4 36. fxg4 Kf4 1/2-1/2

[Event "CRO-chT3A Center"]
[Site "Zagreb"]
[Date "2010.04.25"]
[Round "5.45"]
[White "Fabris, Zeljko"]
[Black "Jakovljevski, Radivoje"]
[Result "1/2-1/2"]
[WhiteElo "2063"]
[BlackElo "2089"]
[PlyCount "81"]
[EventDate "2010.03.21"]
[EventType "team-tourn"]
[EventRounds "11"]
[EventCountry "CRO"]
[SourceTitle "EXT 2012"]
[Source "ChessBase"]
[SourceDate "2011.11.24"]
[SourceVersion "1"]
[SourceVersionDate "2011.11.24"]
[SourceQuality "1"]

1. d4 d5 2. Nf3 c6 3. g3 Nf6 4. Bg2 g6 5. 0-0 Bg7 6. c4 e6 7. Nc3 0-0 8. Bg5 h6 9. Bf4 Nh5 10. Be3 Nd7 11. Qb3 Nb6 12. cxd5 exd5 13. Rad1 Re8 14. Bc1 Be6 15. Na4 Nxa4 16. Qxa4 Kh7 17. Rfe1 Qc7 18. Qa3 a5 19. Qc3 b5 20. Be3 Bf8 21. Qc1 Bg7 22. Qc5 Rac8 23. a3 Bf5 24. Bd2 Be4 25. e3 Bf8 26. Qc1 Bd6 27. Nh4 Nf6 28. Bh3 Rcd8 29. Bg2 Bxg2 30. Nxg2 Ne4 31. f3 Ng5 32. Rf1 Nh3+ 33. Kh1 g5 34. f4 Kg7 35. Qc2 Re4 36. Rc1 Rc8 37. Qd3 Qb6 38. Rf3 f5 39. fxg5 hxg5 40. Rxf5 Rf8 41. Rxf8 1/2-1/2

[Event "Zagreb op"]
[Site "Zagreb"]
[Date "2007.03.20"]
[Round "4"]
[White "Petrovic, Zvonko"]
[Black "Fabris, Zeljko"]
[Result "1-0"]
[WhiteElo "2276"]
[BlackElo "2055"]
[PlyCount "103"]
[EventDate "2007.03.17"]
[EventType "swiss"]
[EventRounds "9"]
[EventCountry "CRO"]
[SourceTitle "CBM 117 Extra"]
[Source "ChessBase"]
[SourceDate "2007.05.09"]
[SourceVersion "1"]
[SourceVersionDate "2007.05.09"]
[SourceQuality "1"]

1. Nf3 Nf6 2. g3 d6 3. d4 c6 4. Bg2 Nbd7 5. 0-0 e5 6. c4 Qc7 7. Nc3 Be7 8. e4 0-0 9. h3 Re8 10. d5 Nc5 11. Ne1 a5 12. Be3 g6 13. a3 Bd7 14. Nd3 Nxd3 15. Qxd3 Nh5 16. Rad1 c5 17. Qe2 Qd8 18. Rb1 Bg5 19. b4 axb4 20. axb4 Bxe3 21. Qxe3 b6 22. bxc5 bxc5 23. Nb5 Bxb5 24. Rxb5 Qc7 25. Rfb1 Rab8 26. Bf1 Rxb5 27. cxb5 Rb8 28. Ra1 Kg7 29. Ra6 Nf6 30. Rc6 Qd8 31. Qe1 Ne8 32. Qa1 Ra8 33. Ra6 Nc7 34. Ra7 Rxa7 35. Qxa7 Na8 36. h4 h5 37. Qb7 Nb6 38. Bh3 Kf8 39. f3 c4 40. Qc6 Kg7 41. Bf1 Qb8 42. Kg2 Qa7 43. Bxc4 Nxc4 44. Qxc4 Qe3 45. Qc2 f5 46. exf5 gxf5 47. Qc7+ Kg8 48. Qd8+ Kf7 49. Qd7+ Kf8 50. Qxf5+ Ke7 51. Qg5+ Kd7 52. Qxe3 1-0